Music Quiz

Random Music or Billboard Quiz

Michael Jackson Song by Any Word Quiz Stats

Quiz Updated Dec 7, 2015

Challenge
Share
Tweet
Embed
Score 0/110 Timer 15:00
0 Plays Today
Song Title % Correct
I Wanna Be Where You Are
97%
(I Like) The Way You Love Me
96.8%
Just A Little Bit of You
96.5%
The Way You Make Me Feel
94.9%
Will You Be There
94.9%
I Just Can't Stop Loving You
94.9%
Man in the Mirror
94.8%
A Place With No Name
94.7%
We've Got A Good Thing Going
94.4%
With A Child's Heart
94.4%
You've Got A Friend
94.1%
It's the Falling in Love
94%
The Girl is Mine
93%
The Lady in My Life
92.8%
I Can't Help It
92.7%
People Make the World Go Round
92.7%
In the Back
91.9%
In the Closet
91.8%
Why You Wanna Trip On Me
91.8%
Heal the World
91.7%
Get on the Floor
91.6%
Slave to the Rhythm
91.5%
Girl Don't Take Your Love From Me
91.2%
You Can Cry On My Shoulder
91.1%
You Rock My World
91.1%
Remember the Time
91.1%
Off the Wall
90.7%
Do You Know Where Your Children Are
90.6%
The Lost Children
90.1%
Keep the Faith
90%
Got To Be There
90%
You Are My Life
89.9%
Behind the Mask
89.9%
I'll Come Home to You
89.6%
Don't Stop Til You Get Enough
89.1%
Rock With You
89.1%
Love is Here and Now You're Gone
88.9%
Song Title % Correct
You Are There
88.5%
Give In To Me
88%
Wings of My Love
86.9%
Baby Be Mine
86.1%
Loving You
86.1%
Wanna Be Startin' Somethin'
84.7%
Thriller
83.4%
Love Never Felt So Good
83.3%
Another Part of Me
83.1%
Music and Me
82.8%
One Day In Your Life
81.7%
She Drives Me Wild
81.3%
Who is It
80.9%
Beat It
80.6%
She's Out of My Life
78.3%
In Our Small Way
77.9%
Leave Me Alone
77.7%
Take Me Back
76.4%
My Girl
74.2%
Billie Jean
73.8%
Greatest Show on Earth
70.2%
They Don't Care About Us
67.7%
Working Day and Night
67.4%
Black or White
67.3%
Bad
66%
Can't Let Her Get Away
62.9%
Hold My Hand
61.8%
Best of Joy
61.5%
Break of Dawn
61.2%
Liberian Girl
58.6%
Ain't No Sunshine
55.1%
Keep Your Head Up
54.8%
Heaven Can Wait
51.3%
Don't Walk Away
50.4%
Burn This Disco Out
49.3%
We're Almost There
47.9%
Just Good Friends
44.8%
Song Title % Correct
Smooth Criminal
42.7%
What Goes Around Comes Around
40.1%
P.Y.T.
39.3%
Ben
39.2%
Gone Too Soon
37.6%
Dirty Diana
35.8%
We've Got Forever
35.1%
Much Too Soon
33.7%
Up Again
30.6%
Human Nature
19.5%
Cry
15%
Dangerous
14.9%
Jam
12.5%
Rockin' Robin
10.5%
Blue Gangsta
10.4%
Speed Demon
9.5%
Cinderella Stay Awhile
8.9%
Happy
7.8%
Hollywood Tonight
7.3%
Dear Michael
6.9%
Butterflies
6.9%
Invincible
6.5%
Girlfriend
5.3%
Xscape
4.6%
Unbreakable
4.1%
Chicago
4%
Breaking News
3.9%
Heartbreaker
3.9%
Monster
3.9%
Speechless
3.7%
Morning Glow
3.6%
Privacy
3.3%
Whatever Happens
3.1%
Threatened
3%
Everybody's Somebody's Fool
2.8%
Johnny Raven
1.7%

You're not logged in!

Compare scores with friends on all Sporcle quizzes.
Join for Free
OR
Log In

You Might Also Like...

Show Comments

Extras

Top Quizzes Today


Score Distribution

Your Account Isn't Verified!

In order to create a playlist on Sporcle, you need to verify the email address you used during registration. Go to your Sporcle Settings to finish the process.

Report this User

Report this user for behavior that violates our Community Guidelines.

Details: